000
00214nam a22000857a 4500
008
170527b xxu||||| |||| 00| 0 eng d
100
_9
3146
_a
Morris. L
245
_a
The Stars of a Light
260
_a
London
_b
Bethancy
_c
1994
999
_c
6437
_d
6437